Every Top 50 Entry on Daily US Spotify Charts (2023) - Statistics

General Stats
  • This quiz has been taken 7 times
  • The average score is 31 of 247
Answer Stats
Artist(s) Title % Correct
Harry Styles As It Was
100%
Sam Smith / Kim Petras Unholy
100%
Taylor Swift Anti-Hero
86%
Glass Animals Heat Waves
86%
David Guetta / Bebe Rexha I'm Good
86%
Sza | Sza / Doja Cat Kill Bill
86%
Steve Lacy Bad Habit
71%
Sza Blind
71%
Metro Boomin / The Weeknd / 21 Savage Creepin'
71%
Miley Cyrus Flowers
71%
Drake / 21 Savage Rich Flex
71%
Lizzo About Damn Time
57%
The Weeknd Blinding Lights
57%
Elton John / Dua Lipa Cold Heart
57%
Beyonce Cuff It
57%
Jvke Golden Hour
57%
Onerepublic I Ain't Worried
57%
Doja Cat / Sza Kiss Me More
57%
Taylor Swift Lavender Haze
57%
The Killers Mr. Brightside
57%
The Weeknd | The Weeknd / Ariana Grande Die For You
43%
Raye / 070 Shake Escapism.
43%
Lil Uzi Vert Just Wanna Rock
43%
Taylor Swift Karma
43%
Morgan Wallen Last Night
43%
Linkin Park Lost
43%
Meghan Trainor Made You Look
43%
Rihanna / Mikky Ekko | The Kid Laroi / Justin Bieber Stay
43%
The Neighbourhood Sweater Weather
43%
Pinkpantheress Boy's A Liar
29%
Rema / Selena Gomez Calm Down
29%
Luke Combs Fast Car
29%
Whitney Houston I Wanna Dance With Somebody
29%
Harry Styles Late Night Talking
29%
Kali Uchis Moonlight
29%
Sza Nobody Gets Me
29%
Coi Leray Players
29%
Bailey Zimmerman Rock And A Hard Place
29%
Tyler, The Creator / Kali Uchis See You Again
29%
Zach Bryan Something In The Orange
29%
Metro Boomin / Future / Chris Brown Superhero
29%
Miguel Sure Thing
29%
Rihanna / Jay-Z Umbrella
29%
Stephen Sanchez / Em Beihold Until I Found You
29%
Rihanna / Drake Work
29%
Morgan Wallen '98 Braves
14%
Lady Gaga Bloody Mary
14%
Pinkpantheress / Ice Spice Boy's A Liar Pt. 2
14%
Post Malone Chemical
14%
Steve Lacy Dark Red
14%
Melanie Martinez Death
14%
Rihanna Diamonds
14%
Tyler, The Creator Dogtooth
14%
Rihanna Don't Stop The Music
14%
Hozier Eat Your Young
14%
Eslabon Armado / Peso Pluma Ella Baila Sola
14%
Ed Sheeran Eyes Closed
14%
Jack Harlow First Class
14%
Nf Happy
14%
Niall Horan Heaven
14%
Nf Hope
14%
Post Malone / Doja Cat I Like You
14%
Ice Spice In Ha Mood
14%
Miley Cyrus Jaded
14%
Drake / 21 Savage Jimmy Cooks
14%
Jimin Like Crazy
14%
The Kid Laroi Love Again
14%
Taylor Swift Midnight Rain
14%
Nf Motto
14%
J. Cole No Role Modelz
14%
Rihanna Only Girl
14%
Miley Cyrus Party In The U.s.a.
14%
Jack Black Peaches
14%
Miley Cyrus River
14%
D4vd Romantic Homicide
14%
Rihanna Rude Boy
14%
Paramore Running Out Of Time
14%
Jay-Z / Rihanna / Kanye West Run This Town
14%
Rihanna S&m
14%
Hotel Ugly Shut Up My Moms Calling
14%
Jack Harlow They Don't Love It
14%
Bad Bunny Titi Me Pregunto
14%
Gorillaz / Bad Bunny Tormenta
14%
Karol G / Shakira Tqg
14%
Doja Cat Vegas
14%
Rihanna / Calvin Harris We Found Love
14%
Rihanna / Drake What's My Name?
14%
Rihanna Where Have You Been
14%
Morgan Wallen You Proof
14%
Arctic Monkeys 505
0%
Luke Combs 5 Leaf Clover
0%
Lana Del Rey A&w
0%
Morgan Wallen Ain't That Some
0%
Taylor Swift All Of The Girls You Loved Before
0%
Hozier All Things End
0%
Kim Petras / Nicki Minaj Alone
0%
Jack Harlow Ambitious
0%
Natanael Cano / Peso Pluma / Gabito Ballesteros Amg
0%
Kali Area Codes
0%
Fuerza Regida / Grupo Frontera Bebe Dame
0%
Rosalia / Rauw Alejandro Beso
0%
Yeat Bettr 0ff / Bettr Off / Better Off / Better 0ff
0%
$uicideboy$ / Shakewell Big Shot Cream Soda
0%
Rihanna Bitch Better Have My Money / Better Have My Money
0%
Morgan Wallen Born With A Beer In My Hand
0%
Tyler, The Creator / Yg Boyfriend, Girlfriend
0%
Bizarrap / Shakira Bzrp Music Sessions, Vol. 53 / Music Sessions, Vol. 53
0%
Lana Del Rey / Jon Batiste Candy Necklace
0%
Nf / Cordae Careful
0%
Lizzy Mcalpine Ceilings
0%
Becky G / Peso Pluma Chanel
0%
Roar Christmas Kids
0%
Jack Harlow Common Ground
0%
Morgan Wallen / Ernest Cowgirls
0%
Taylor Swift Cruel Summer
0%
Fifty Fifty Cupid
0%
Ed Sheeran Curtains
0%
Trippie Redd / Lil Baby Dark Brotherhood
0%
Zach Bryan / Maggie Rogers Dawns
0%
David Kushner Daylight
0%
Morgan Wallen Days That End In Why
0%
Morgan Wallen Devil Don't Know
0%
Rihanna Disturbia
0%
Newjeans Ditto
0%
The Weeknd / Future Double Fantasy
0%
Morgan Wallen Dying Man
0%
Junior H / Peso Pluma El Azul
0%
Chino Pacas El Gordo Trae El Mando
0%
Taylor Swift Enchanted
0%
Omar Apollo Evergreen
0%
Morgan Wallen Everything I Love
0%
Taylor Swift Eyes Open (Taylor's Version) / Eyes Open
0%
Morgan Wallen F150-50
0%
Baby Keem / Kendrick Lamar Family Ties
0%
Toosii Favorite Song
0%
Rod Wave Fight The Feeling
0%
Lil Baby Freestyle
0%
Trippie Redd / Future / Lil Baby Fully Loaded
0%
Nengo Flow / Bad Bunny Gato De Noche
0%
21 Savage / Metro Boomin Glock In My Lap
0%
Beabadoobee Glue Song
0%
Lil Baby Go Hard
0%
Sza Good Days
0%
Luke Combs Growin' Up And Gettin' Old
0%
Mac Demarco Heart To Heart
0%
Tyler, The Creator Heaven To Me
0%
D4vd Here With Me
0%
Baby Tate Hey, Mickey!
0%
Morgan Wallen Hope That's True
0%
Yeat How It Go
0%
Morgan Wallen I Deserve A Drink
0%
Taylor Swift If This Was A Movie (Taylor's Version) / If This Was A Movie
0%
Kanii / Pr1svx I Know
0%
Sam Smith / Calvin Harris / Jessie Reyez I'm Not Here To Make Friends
0%
Morgan Wallen / Hardy In The Bible
0%
Jack Harlow Is That Ight?
0%
Kali Uchis I Wish You Roses
0%
Morgan Wallen I Wrote The Book
0%
Morgan Wallen Keith Whitley
0%
Trippie Redd / Juice Wrld Knight Crawler
0%
Yng Lvcas / Peso Pluma La Bebe
0%
Arcangel / Bad Bunny La Jumpa
0%
Morgan Wallen Last Drive Down Main
0%
Rihanna Lift Me Up
0%
Sza Love Language
0%
Rihanna Love On The Brain
0%
Luke Combs Love You Anyway
0%
Sza Low
0%
Lil Baby Low Down
0%
Morgan Wallen / Eric Church Man Made A Bar
0%
Anuel Aa / Mambo Kingz / Dj Luian Mas Rica Que Ayer
0%
Morgan Wallen Me + All Your Reasons / Me All Your Reasons
0%
Anuel Aa / Dj Luian / Mambo Kingz Mejor Que Yo
0%
Bad Bunny / Chencho Corleoen Me Porto Bonito
0%
Morgan Wallen Me To Me
0%
Morgan Wallen Money On Me
0%
Kendrick Lamar / Jay Rock Money Trees
0%
Twice Moonlight Sunrise
0%
Rihanna Needed Me
0%
Morgan Wallen Neon Star
0%
Labrinth Never Felt So Alone
0%
Metro Boomin / Travis Scott / 21 Savage Niagara Falls
0%
Yeat No More Talk
0%
Sabrina Carpenter Nonsense
0%
Grupo Frontera No Se Va
0%
Yeat Nun Id Change
0%
Newjeans Omg
0%
Morgan Wallen One Thing At A Time
0%
Yeat Out The Way
0%
Superstar Pride Painting Pictures
0%
Frank Ocean Pink + White / Pink White
0%
Peso Pluma Por Las Noches
0%
Rihanna Pour It Up
0%
Peso Pluma / Natanael Cano Prc
0%
Ice Spice / Nicki Minaj Princess Diana
0%
Don Toliver / Justin Bieber / Future Private Landing
0%
Carin Leon / Grupo Frontera Que Vuelvas
0%
Yeat / Kranky Kranky Rav3 P4rty / Rav3 Party / Rave P4rty / Rave Party
0%
Hardy / Morgan Wallen Red
0%
Nicki Minaj Red Ruby Da Sleeze
0%
Miley Cyrus Rose Colored Lenses
0%
Taylor Swift / Joy Williams / John Paul White Safe & Sound (Taylor's Version) / Safe & Sound
0%
Drake Search & Rescue
0%
Sza Seek & Destroy
0%
Logic / Seth Macfarlane / Redman / Statik Selektah Self Medication
0%
Jimin Set Me Free Pt.2
0%
Sza Shirt
0%
Yeat / Youngboy Never Broke Again Shmunk
0%
Morgan Wallen Single Than She Was
0%
Nle Choppa Slut Me Out / Me Out
0%
Tyler, The Creator Sorry Not Sorry
0%
Beach House Space Song
0%
Lizzo / Sza Special
0%
Thxsomch Spit In My Face!
0%
Yeat Split
0%
The Weeknd / Lana Del Rey Stargirl Interlude / Stargirl
0%
Tyler, The Creator / Vince Staples Stuntman
0%
Tomorrow X Together Sugar Rush Ride
0%
Morgan Wallen Sunrise
0%
Nicki Minaj Super Freaky Girl
0%
Morgan Wallen Tennessee Fan
0%
Morgan Wallen Tennessee Numbers
0%
Lil Yachty The Black Seminole.
0%
Tory Lanez The Color Violet
0%
Melanie Martinez The Contortionist
0%
Luke Combs The Kind Of Love We Make
0%
Juice Wrld The Light
0%
Morgan Wallen Thinkin' Bout Me
0%
Morgan Wallen Thought You Should Know
0%
Miley Cyrus / Brandi Carlile Thousand Miles
0%
Metro Boomin / Future / Don Toliver Too Many Nights
0%
Metro Boomin / Travis Scott / Young Thug Trance
0%
Melanie Martinez Tunnel Vision
0%
Grupo Frontera / Bad Bunny Un X100to
0%
Melanie Martinez Void
0%
Future / Drake / Tems Wait For U
0%
Morgan Wallen Wasted On You
0%
Lil Uzi Vert / Sped Up Nightcore / Arizonatears Watch This
0%
Popcaan / Drake We Caa Done
0%
Tyler, The Creator / A$ap Rocky Wharf Talk
0%
Tyler, The Creator What A Day
0%
Morgan Wallen Whiskey Friends
0%
Morgan Wallen Wine Into Water
0%
Karol G / Romeo Santos X Si Volvemos
0%
No matching quizzes found
Score Distribution
Percent of People with Each Score
Percentile by Number Answered
Your Score History
You have not taken this quiz